小红帽 ( Little Red Riding Hood ) / (Record no. 10068)

MARC details
000 -LEADER
fixed length control field 00675nam a22001817a 4500
001 - CONTROL NUMBER
control field 10068
003 - CONTROL NUMBER IDENTIFIER
control field FISKH
005 - DATE AND TIME OF LATEST TRANSACTION
control field 20260403111457.0
008 - FIXED-LENGTH DATA ELEMENTS--GENERAL INFORMATION
fixed length control field 260403b cb ||||| |||| 00| 0 eng d
040 ## - CATALOGING SOURCE
Original cataloging agency FISKH
Language of cataloging chi
Transcribing agency FISKH
Modifying agency FISKH
082 ## - DEWEY DECIMAL CLASSIFICATION NUMBER
Classification number 398.2
100 ## - MAIN ENTRY--PERSONAL NAME
Personal name 孙蓓
245 ## - TITLE STATEMENT
Title 小红帽 ( Little Red Riding Hood ) /
Statement of responsibility, etc. 孙蓓
300 ## - PHYSICAL DESCRIPTION
Extent 20 pages :
Other physical details color illustrations ;
Dimensions 21 cm .
520 ## - SUMMARY, ETC.
Summary, etc. 《小红帽》讲述了一个小女孩去看望奶奶的故事。在路上,她遇到了大灰狼。大灰狼骗她,先到奶奶家,把奶奶藏起来,然后假装成奶奶。最后,小红帽被猎人救出来。
942 ## - ADDED ENTRY ELEMENTS (KOHA)
Source of classification or shelving scheme Dewey Decimal Classification
Koha item type Chinese Book
Suppress in OPAC No
Holdings
Withdrawn status Lost status Source of classification or shelving scheme Damaged status Not for loan Collection Home library Current library Shelving location Date acquired Total Checkouts Full call number Barcode Date last seen Price effective from Koha item type
    Dewey Decimal Classification     Reference Footprints International School Library Network Toul Tom Poung Campus Footprints International School Library Network Toul Tom Poung Campus Librarian's Shelf TTP 04/03/2026   孙蓓 398.2 2026-0449 04/03/2026 04/03/2026 Chinese Book